Statistics for Settlers of Catan

Click here to take the quiz!

General Stats

  • This quiz has been taken 3,198 times
  • The average score is 12 of 17

Answer Stats

HintAnswer% Correct
The five resourcesLumber
94%
The five resourcesGrain
86%
2 points for the longest …Road
83%
The five resourcesWool
83%
Shape of the game boardHexagonal
83%
2 points for each ...City
78%
The five resourcesOre
77%
The five resourcesBrick
74%
Type of tile that never produces resourcesDesert
66%
2 points for the biggest …Army
66%
1 point for each …Settlement
66%
Country where "Settlers of Catan" was inventedGermany
64%
This piece prevents a tile from generating resourcesRobber
62%
Card that lets you take two
resource cards from the bank
Year of {Plenty}
59%
The most common development cardKnight
58%
Card that lets you steal all resources of a
certain type from other players
Monopoly
43%
First sequel to Settlers{Seafarer}s of Catan
29%

Score Distribution

Percentile by Number Answered

Percent of People with Each Score

Your Score History

You have not taken this quiz